Skúsenosti Októbra Nad knihou Samuela Cambela o socialistických revolúciách

Bibliographic Details
Main Authors: Kubiš, Pavol M., 1946-2016 (Author), Cambel, Samuel, 1928-2004 (Author)
Format: Article
Language:Slovak
Subjects:

MARC

LEADER 00000nab a2200000 a 4500
001 vtls000161978
003 SK-MaSNL
005 20260305001311.0
008 111104c1983 xo 0 slo
015 |a SNBRB19rr/mm-uuuuu 
035 |a CL0172089 
040 |a SNKBUCL  |b slo  |c SNKBUCL  |e AACR2 
041 0 |a slo 
044 |a xo  |c SK 
080 |a 940  |2 1981 
080 |a 323.27  |2 1981 
100 1 |a Kubiš, Pavol M.,  |d 1946-2016  |4 aut  |9 219205 
245 1 0 |a Skúsenosti Októbra  |b Nad knihou Samuela Cambela o socialistických revolúciách  |c Pavol M. Kubiš 
650 0 7 |a októbrová revolúcia (1917 : Rusko)  |2 snkbucl  |9 164524 
655 7 |a články z novín a časopisov  |2 snkbucl  |9 267496 
700 1 |a Cambel, Samuel,  |d 1928-2004  |4 aut  |9 109226 
773 0 |t Smer  |g Roč. 35, č. 192 (16. 8. 1983), s. 4 
787 0 8 |i Rec.:  |a Cambel, Samuel  |t Skúsenosti Októbra a ďalších socialistických revolúcií  |d SPN : Bratislava, 1983 
850 |a Slovenská národná knižnica v Martine  |a MTA001 
852 |a SNK  |b KIS3GCP 
958 |a RK 
992 |a RBX 
999 |c 3218554  |d 3220484